[Event "CZE-ch Betsys Online Blitz"]
[Site "Chess.com INT"]
[Date "2021.04.17"]
[Round "8"]
[White "Do The, Dan"]
[Black "Klimes, Jan1111"]
[Result "1-0"]
[WhiteElo "1622"]
[BlackElo "1525"]
[PlyCount "37"]
[EventDate "2021.04.17"]
[EventType "swiss (blitz)"]
[EventRounds "13"]
[EventCountry "CZE"]
[SourceTitle "CBM 201 Extra"]
[Source "ChessBase"]
[SourceDate "2021.05.31"]
[SourceVersion "1"]
[SourceVersionDate "2021.05.31"]
[SourceQuality "1"]

1. e4 a6 2. d4 b5 3. Nf3 e6 4. d5 Be7 5. dxe6 dxe6 6. Qxd8+ Bxd8 7. Nc3 Bb7 8. a3 Nf6 9. Bd3 0-0 10. 0-0 c5 11. Bg5 c4 12. Bxf6 Bxf6 13. Be2 Nc6 14. a4 Nd4 15. Nxd4 Bxd4 16. axb5 axb5 17. Nxb5 Bxe4 18. Nxd4 Rxa1 19. Rxa1 1-0

[Event "CZE-ch Betsys Online Blitz"]
[Site "Chess.com INT"]
[Date "2021.04.17"]
[Round "12"]
[White "Jires, Jiri"]
[Black "Do The, Dan"]
[Result "1-0"]
[WhiteElo "2139"]
[BlackElo "1622"]
[PlyCount "101"]
[EventDate "2021.04.17"]
[EventType "swiss (blitz)"]
[EventRounds "13"]
[EventCountry "CZE"]
[SourceTitle "CBM 201 Extra"]
[Source "ChessBase"]
[SourceDate "2021.05.31"]
[SourceVersion "1"]
[SourceVersionDate "2021.05.31"]
[SourceQuality "1"]

1. e4 Nf6 2. e5 Nd5 3. d4 d6 4. Nf3 dxe5 5. dxe5 Bg4 6. Be2 e6 7. 0-0 Be7 8. h3 Bh5 9. c4 Nb4 10. Na3 0-0 11. Bf4 N8c6 12. Nb5 a6 13. Nc3 Bc5 14. a3 Bxf3 15. Bxf3 Nd3 16. Ne4 Bxf2+ 17. Nxf2 Nxf4 18. Re1 Nxe5 19. Rxe5 Qf6 20. Ng4 Qg6 21. Qd2 Nh5 22. Rg5 Rad8 23. Qe3 Qc2 24. Rxh5 g6 25. Rh4 Qd2 26. Nf6+ Kg7 27. Qxd2 Rxd2 28. Ne4 Rxb2 29. Nc5 b6 30. Nxa6 Ra8 31. Nxc7 Rc8 32. Nb5 Rxc4 33. Rxc4 Rxb5 34. Rac1 Rb3 35. R4c3 Rb2 36. Be4 f5 37. Bf3 Kf6 38. Rc6 Ke5 39. Re1+ Kf4 40. Rcxe6 Kg3 41. Rc6 Kf4 42. Rc4+ Kg5 43. Rc7 h6 44. Rc6 b5 45. h4+ Kf4 46. Rxg6 Rb3 47. Rxh6 Rxa3 48. Rb6 Rb3 49. Rd1 Kg3 50. Rg6+ Kxh4 51. Rd4+ 1-0